000 00607nam a2200229 a 4500
999 _c6996
_d6996
001 6996
003 BD-JhCC
005 20180417174809.0
008 180203s1998 u a|||| || | 000 0 eng d
020 _a0835935612
035 _a(BD-JhCC)6996
040 _aBD-JhCC
_dBD-JhCC
041 _aeng
082 _a574.05
_bBLE 1998
100 _aBledsoe, Lucy Jane
245 _aFearon's Biology Work Book /
_cLucy Jane Bledsoe,
260 _aNew Jersey :
_bGlobe Fearon Educational Publishers,
_c1998.
300 _aVerious Pages
_bill. ;
_c28 cm.
650 _aBiology
942 _2ddc
_cBK